Welcome to the Holygrace Academy Library

Please use search bar below to get started

TWELFTH NIGHT (Record no. 320)

MARC details
000 -LEADER
fixed length control field 00302nam a22001337a 4500
020 ## - INTERNATIONAL STANDARD BOOK NUMBER
ISBN 817826347-5
082 ## - DEWEY DECIMAL CLASSIFICATION NUMBER
Classification number 823
Item number SHA/T
100 ## - MAIN ENTRY--AUTHOR NAME
Personal name WILLIAM SHAKESPEAR
245 ## - TITLE STATEMENT
Title TWELFTH NIGHT
260 ## - PUBLICATION, DISTRIBUTION, ETC. (IMPRINT)
Place of publication DELHI
Name of publisher ROHAN BOOK COMPANY
Year of publication 2003
300 ## - PHYSICAL DESCRIPTION
Number of Pages 218
650 ## - SUBJECT ADDED ENTRY--TOPICAL TERM
Topical Term MODERN ILLUSTRATED CLASSICS
942 ## - ADDED ENTRY ELEMENTS (KOHA)
Koha item type Books
Holdings
Withdrawn status Lost status Collection code Home library Current library Shelving location Date acquired Source of acquisition Cost, normal purchase price Full call number Accession Number Koha item type
    Fiction Main Library Main Library On Display 28/10/2006 purchase 30.00 823 SHA/T 02483 Books
    Fiction Main Library Main Library On Display 02/06/2009 purchase 35.00 823 SHA/T 04746 Books